000 01405nam0a22002771 4500
001 rc\908353
005 20041129094642.1
035 _a(NLR Aleph) 006083250
090 _a5105092
_c5105092
100 _a20041129d1983 u |0rusy50 ca
101 0 _arus
102 _aRU
105 _aa |||||||||
200 1 _aФормирование системы культурно-бытового обслуживания сельского населения
_f[В.И. Музычкин, С.Б. Моисеева, Т.Г. Бадалов и др.]
210 _aМ.
_cСтройиздат
_d1983
215 _a185 с.
_cил.
_d21
300 _aАвт. указаны на обороте тит. л.
300 _aВ надзаг.: Центр. н.-и. и проект. ин-т по планировке и застройке сел. насел. мест и жил.-гражд. стр-ву на селе
320 _aБиблиогр.: с. 184 (34 назв.)
701 1 _aМузычкин
_bВ. И.
_gВладимир Ильич
712 0 2 _aЦентральный н.-и. и проектный ин-т по планировке и застройке сельских населенных мест и жилищно-гражданскому строительству на селе
_cМосква
801 0 _aRU
_bNLR
_gpsbo
801 1 _aRU
_bELAR
_2rusmarc
852 _aNLR
_j84-5/2065
942 _cBOOK
980 _aNB